[Event "ESP-ch U12"]
[Site "Salobrena"]
[Date "2024.07.08"]
[Round "1"]
[White "Kaji Senas, Omar"]
[Black "Jimenez Haneda, Naoki"]
[Result "0-1"]
[WhiteElo "1548"]
[BlackElo "1780"]
[PlyCount "82"]
[EventDate "2024.07.08"]
[EventType "swiss"]
[EventRounds "9"]
[EventCountry "ESP"]
[SourceTitle "EXT 2025"]
[Source "ChessBase"]
[SourceDate "2024.10.14"]
[SourceVersion "1"]
[SourceVersionDate "2024.10.14"]
[SourceQuality "1"]

1. e4 c6 2. Nc3 d5 3. d3 dxe4 4. dxe4 Nd7 5. Nf3 e5 6. Bc4 Bc5 7. 0-0 Ngf6 8. Bg5 Qc7 9. Be6 fxe6 10. h3 0-0 11. Bxf6 Nxf6 12. Qe2 Bd7 13. Qc4 Bb6 14. Ng5 Rae8 15. Rad1 h6 16. Nf3 Rd8 17. Rd2 Ba5 18. b4 b5 19. Qc5 Bb6 20. Qxe5 Bc8 21. Qxc7 Bxc7 22. Rfd1 Rxd2 23. Rxd2 Rd8 24. Rxd8+ Bxd8 25. e5 Nd5 26. Nxd5 exd5 27. Nd4 Bb7 28. f4 Bb6 29. c3 c5 30. Ne6 cxb4+ 31. Kf1 bxc3 32. Ke1 Bc8 33. Nc7 Bxc7 34. Kd1 d4 35. Kc2 Bf5+ 36. Kb3 c2 37. Kb2 d3 38. Kc1 Ba5 39. g4 d2+ 40. Kb2 c1Q+ 41. Kb3 d1Q# 0-1